Weapon of Choice II Quiz Stats

 Plays Quiz not verified by Sporcle

Score 0/30 Timer 10:00
0 Plays Today
% Correct
Assorted Acme Products
87.3%
Bowler Hat
84.5%
Bow
81.7%
Barrels
78.9%
Playing Cards
78.9%
Rapier
77.5%
Chain
76.1%
Ax
76.1%
Pumpkin Bombs
73.2%
Bullwhip
73.2%
Billy Club
69%
Pulse Rifle
66.2%
Quad Blasters
64.8%
Trick Arrows
64.8%
Magic Hammer
62%
% Correct
Bowcaster
57.7%
Buck Knife
57.7%
Mallet
53.5%
Chainsaw
53.5%
Katana
49.3%
Machine Gun Leg
46.5%
Arakh
45.1%
Lance
42.3%
Forks
40.8%
Chakram
36.6%
Freeze Ray
35.2%
Glider Staff
25.4%
Golden Sword
23.9%
Fishing Rod
16.9%
Umbrella
14.1%

You're not logged in!

Compare scores with friends on all Sporcle quizzes.
OR
Log In

Show Comments

Extras

Created Aug 19, 2015ReportNominate
Tags:Clickable Quiz, character

Top Quizzes Today


Score Distribution

Your Account Isn't Verified!

In order to create a playlist on Sporcle, you need to verify the email address you used during registration. Go to your Sporcle Settings to finish the process.

Report this User

Report this user for behavior that violates our Community Guidelines.

Details: